00000000nam 2200000za 4500
0019.687161
003CaOODSP
00520210624230843
007cr |||||||||||
008150407s2002    onc|||||o    f|0| 0 eng d
040 |aCaOODSP|beng
043 |an-cn---
0861 |aH49-121/2002E-PDF
1101 |aCanada.|bHealth Canada. |bPopulation and Public Health Branch.
24510|aDiabetes in Canada |h[electronic resource].
250 |aSecond edition.
260 |aOttawa : |bHealth Canada, |c2002.
300 |a78 p. : |bfigs., glossary, graphs, references, tables.
590 |a04-40|b2004-10-01
77508|tLe diabète au Canada |w(CaOODSP)9.631622
795 |tDiabetes in Canada |w(CaOODSP)9.695415
85640|ahttp://publications.gc.ca|qPDF|s1984 KB|uhttps://publications.gc.ca/collections/Collection/H49-121-2002E.pdf